Why is capital so immobile internationally? (Registro nro. 28053)

Detalles MARC
000 -LEADER
fixed length control field 00372 a2200121 4500
001 - CONTROL NUMBER
control field ART_45800
005 - DATE AND TIME OF LATEST TRANSACTION
control field 20260410161925.0
008 - FIXED-LENGTH DATA ELEMENTS--GENERAL INFORMATION
fixed length control field 260409a
100 1# - MAIN ENTRY--PERSONAL NAME
Personal name Gordon, Roger H.
245 10 - TITLE STATEMENT
Title Why is capital so immobile internationally?
700 1# - ADDED ENTRY--PERSONAL NAME
Personal name Bovenberg, A. Lans
773 0# - HOST ITEM ENTRY
Title The American Economic Review
Related parts - Vol. 86, Nº 5 (dic. 1996)
Record control number REV16190

No hay ítems disponibles.